| 000 | 00462cam a2200193ua 4500 | ||
|---|---|---|---|
| 001 | 6040 | ||
| 008 | 131101n ii |||gr||||Z||||||eng | ||
| 020 | _a81-219-0363-7 | ||
| 040 | _cMAIN | ||
| 082 | _a954.02 | ||
| 100 |
_aMahajan,V.D, _eAuthor. |
||
| 245 |
_aSultanate of Delhi _cby V.D. Mahajan |
||
| 250 | _a9th Ed. | ||
| 260 |
_aDelhi: _bS Chand & Co., _c1988. |
||
| 300 | _a458p. | ||
| 653 | _aIndian history | ||
| 653 | _aSultanate of Delhi | ||
| 942 | _cBK | ||
| 999 |
_c5193 _d5193 |
||